Bitter fame : a life of Sylvia Plath

Bibliographic Details
Main Author: Stevenson, Anne
Format: Book
Published: Boston : Houghton Mifflin , 1989
Subjects:

MARC

LEADER 00000cam a2200000 7i4500
001 0000001311
002 000001445
005 20000330.0
020 |a 0395453747 
090 0 0 |a 811.54   |b STE 
100 1 |a Stevenson, Anne 
245 1 0 |a Bitter fame :   |b a life of Sylvia Plath   |c Anne Stevenson 
260 |a Boston :   |b Houghton Mifflin ,   |c 1989 
300 |a 413p. ;   |c 23cm. 
600 0 0 |a Plath, Sylvia   |x Biography 
650 0 0 |a Poets,American   |y 20th century   |x Biography 
999 |a 030696   |b BUKU   |c PINJAMAN   |e PERPUSTAKAAN KOMUNITI PETALING JAYA